[Event "DEM U16 2018"]
[Site "Willingen GER"]
[Date "2018.05.20"]
[Round "2"]
[White "Kopylov, Daniel"]
[Black "Zimmer, Raphael"]
[Result "0-1"]
[Termination "normal"]
[Board "2"]
[BlackTitle "FM"]
[WhiteElo "2298"]
[BlackElo "2146"]
[WhiteClock "00:00:00"]
[BlackClock "00:12:02"]
[PlyCount "101"]
[WhiteFideId "12921971"]
[BlackFideId "12978841"]
[EventCountry "GER"]
[EventRounds "9"]
[EventType "swiss"]
[EventDate "2018.05.19"]

1. e4 {[%clk 1:30:49]} 1... e5 {[%clk 1:30:50]} 2. Nf3 {[%clk 1:31:05]} 2...
Nc6 {[%clk 1:31:11]} 3. Bc4 {[%clk 1:31:09]} 3... Bc5 {[%clk 1:31:22]} 4. O-O {
[%clk 1:31:09]} 4... Nf6 {[%clk 1:31:03]} 5. d3 {[%clk 1:31:19]} 5... a6 {
[%clk 1:30:44]} 6. c3 {[%clk 1:31:27]} 6... Ba7 {[%clk 1:30:45]} 7. Nbd2 {
[%clk 1:31:03]} 7... O-O {[%clk 1:30:28]} 8. h3 {[%clk 1:31:14]} 8... d6 {
[%clk 1:29:58]} 9. Bb3 {[%clk 1:31:21]} 9... Be6 {[%clk 1:28:57]} 10. Re1 {
[%clk 1:31:22]} 10... Ne7 {[%clk 1:28:28]} 11. Nf1 {[%clk 1:30:57]} 11... Ng6 {
[%clk 1:27:38]} 12. Ng3 {[%clk 1:30:38]} 12... h6 {[%clk 1:17:25]} 13. d4 {
[%clk 1:25:28]} 13... Qc8 {[%clk 1:12:04]} 14. Be3 {[%clk 1:23:31]} 14... Re8 {
[%clk 1:08:28]} 15. Qc2 {[%clk 1:20:34]} 15... c5 {[%clk 1:04:56]} 16. dxe5 {
[%clk 1:17:27]} 16... dxe5 {[%clk 1:03:46]} 17. Bxe6 {[%clk 1:15:53]} 17...
Rxe6 {[%clk 1:03:14]} 18. Nf5 {[%clk 1:09:39]} 18... Qc6 {[%clk 1:00:18]} 19.
Rad1 {[%clk 1:05:20]} 19... c4 {[%clk 0:57:13]} 20. Bxa7 {[%clk 1:00:42]} 20...
Rxa7 {[%clk 0:57:32]} 21. Rd8+ {[%clk 0:54:33]} 21... Kh7 {[%clk 0:54:19]} 22.
Qd2 {[%clk 0:49:07]} 22... b5 {[%clk 0:51:46]} 23. Rd1 {[%clk 0:46:01]} 23...
Qxe4 {[%clk 0:41:49]} 24. Qe3 {[%clk 0:25:41]} 24... Qxe3 {[%clk 0:38:18]} 25.
fxe3 {[%clk 0:25:59]} 25... Ne7 {[%clk 0:35:19]} 26. g4 {[%clk 0:22:43]} 26...
Nxf5 {[%clk 0:28:07]} 27. gxf5 {[%clk 0:23:06]} 27... Ree7 {[%clk 0:28:18]} 28.
R1d6 {[%clk 0:22:18]} 28... Rad7 {[%clk 0:14:51]} 29. R8xd7 {[%clk 0:20:48]}
29... Rxd7 {[%clk 0:15:11]} 30. Rxa6 {[%clk 0:21:03]} 30... Rd1+ { [%clk
0:15:12]} 31. Kg2 {[%clk 0:18:00]} 31... e4 {[%clk 0:13:13]} 32. Ne5 { [%clk
0:17:24]} 32... Rd2+ {[%clk 0:12:11]} 33. Kg3 {[%clk 0:17:23]} 33... Rxb2
{[%clk 0:12:26]} 34. Nxf7 {[%clk 0:17:14]} 34... Re2 {[%clk 0:05:57]} 35. Ra8 {
[%clk 0:10:35]} 35... g6 {[%clk 0:03:19]} 36. Ra7 {[%clk 0:09:32]} 36... gxf5 {
[%clk 0:01:30]} 37. Kf4 {[%clk 0:08:39]} 37... Nd5+ {[%clk 0:00:58]} 38. Ke5 {
[%clk 0:08:35]} 38... Nxe3 {[%clk 0:00:43]} 39. Nd8+ {[%clk 0:06:18]} 39... Kg6
{[%clk 0:00:32]} 40. Ne6 {[%clk 0:06:46]} 40... Rd2 {[%clk 0:00:32]} 41. Rg7+ {
[%clk 0:03:15]} 41... Kh5 {[%clk 0:00:50]} 42. Rg3 {[%clk 0:03:27]} 42... Rd5+
{[%clk 0:19:33]} 43. Kf4 {[%clk 0:17:10]} 43... Nd1 {[%clk 0:16:02]} 44. Ng7+ {
[%clk 0:09:14]} 44... Kh4 {[%clk 0:16:23]} 45. Rg6 {[%clk 0:09:27]} 45... Kxh3
{[%clk 0:15:55]} 46. Nxf5 {[%clk 0:07:30]} 46... Rxf5+ {[%clk 0:11:29]} 47.
Kxf5 {[%clk 0:07:53]} 47... e3 {[%clk 0:11:50]} 48. Rg1 {[%clk 0:01:31]} 48...
Kh2 49. Rxd1 {[%clk 0:01:47]} 49... Kg2 {[%clk 0:11:50]} 50. Rb1 { [%clk
0:00:31]} 50... e2 {[%clk 0:12:02]} 51. Kf4 {[%clk 0:00:00]} 0-1

[Event "DEM U16 2018"]
[Site "Willingen GER"]
[Date "2018.05.20"]
[Round "2"]
[White "Wong, Gengchun"]
[Black "Schmider, Niklas"]
[Result "0-1"]
[Termination "normal"]
[Board "3"]
[WhiteElo "2120"]
[BlackElo "2169"]
[WhiteClock "00:09:27"]
[BlackClock "00:11:46"]
[PlyCount "50"]
[WhiteFideId "12963283"]
[BlackFideId "12993778"]
[EventCountry "GER"]
[EventRounds "9"]
[EventType "swiss"]
[EventDate "2018.05.19"]

1. e4 {[%clk 1:30:57]} 1... c5 {[%clk 1:30:55]} 2. Nf3 {[%clk 1:31:24]} 2... d6
{[%clk 1:31:19]} 3. d4 {[%clk 1:31:51]} 3... cxd4 {[%clk 1:31:42]} 4. Nxd4 {
[%clk 1:32:18]} 4... Nf6 {[%clk 1:32:03]} 5. Nc3 {[%clk 1:32:45]} 5... a6 {
[%clk 1:32:27]} 6. Bg5 {[%clk 1:33:10]} 6... Nbd7 {[%clk 1:32:53]} 7. f4 {
[%clk 1:30:52]} 7... Qa5 {[%clk 1:33:06]} 8. Qd2 {[%clk 1:25:32]} 8... e6 {
[%clk 1:33:12]} 9. O-O-O {[%clk 1:24:00]} 9... b5 {[%clk 1:10:09]} 10. a3 {
[%clk 1:11:15]} 10... Qc7 {[%clk 0:56:58]} 11. Bd3 {[%clk 0:55:18]} 11... Be7 {
[%clk 0:54:41]} 12. g4 {[%clk 0:45:27]} 12... Rb8 {[%clk 0:45:21]} 13. Bxf6 {
[%clk 0:43:51]} 13... Nxf6 {[%clk 0:45:13]} 14. g5 {[%clk 0:43:47]} 14... Nd7 {
[%clk 0:45:36]} 15. Rhe1 {[%clk 0:42:53]} 15... Qc5 {[%clk 0:28:41]} 16. Nb3 {
[%clk 0:40:27]} 16... Qb6 {[%clk 0:29:03]} 17. Ne2 {[%clk 0:33:41]} 17... Nc5 {
[%clk 0:19:17]} 18. Nxc5 {[%clk 0:27:55]} 18... dxc5 {[%clk 0:19:23]} 19. c4 {
[%clk 0:27:54]} 19... O-O {[%clk 0:17:35]} 20. Ng3 {[%clk 0:24:12]} 20... Rd8 {
[%clk 0:16:46]} 21. Qc2 {[%clk 0:23:32]} 21... Rd4 {[%clk 0:13:47]} 22. b3 {
[%clk 0:20:37]} 22... Bb7 {[%clk 0:11:47]} 23. Bf1 {[%clk 0:10:22]} 23... Qa5 {
[%clk 0:11:45]} 24. Qb2 {[%clk 0:09:55]} 24... Rbd8 {[%clk 0:11:46]} 25. Rxd4 {
[%clk 0:09:27]} 25... Qxe1+ {[%clk 0:11:46]} 0-1

[Event "DEM U16 2018"]
[Site "Willingen GER"]
[Date "2018.05.20"]
[Round "2"]
[White "Wachinger, Nikolas"]
[Black "Biastoch, Bennet"]
[Result "1/2-1/2"]
[Termination "normal"]
[Board "4"]
[WhiteElo "2208"]
[BlackElo "2173"]
[WhiteClock "00:03:48"]
[BlackClock "00:02:21"]
[PlyCount "136"]
[WhiteFideId "12962791"]
[BlackFideId "12939889"]
[EventCountry "GER"]
[EventRounds "9"]
[EventType "swiss"]
[EventDate "2018.05.19"]

1. e4 {[%clk 1:30:55]} 1... c5 {[%clk 1:30:47]} 2. Nf3 {[%clk 1:31:11]} 2... d6
{[%clk 1:31:11]} 3. Bb5+ {[%clk 1:31:35]} 3... Bd7 {[%clk 1:31:29]} 4. Bxd7+ {
[%clk 1:31:34]} 4... Qxd7 {[%clk 1:31:54]} 5. c4 {[%clk 1:31:55]} 5... Nf6 {
[%clk 1:32:07]} 6. Nc3 {[%clk 1:32:15]} 6... g6 {[%clk 1:32:16]} 7. d4 { [%clk
1:32:26]} 7... cxd4 {[%clk 1:32:31]} 8. Nxd4 {[%clk 1:32:40]} 8... Bg7 { [%clk
1:32:37]} 9. f3 {[%clk 1:32:53]} 9... Qc7 {[%clk 1:31:42]} 10. b3 { [%clk
1:11:43]} 10... Qa5 {[%clk 1:30:31]} 11. Qd3 {[%clk 1:10:09]} 11... Nc6 { [%clk
1:22:36]} 12. Be3 {[%clk 1:09:44]} 12... Nh5 {[%clk 1:08:26]} 13. Nde2 { [%clk
1:03:55]} 13... O-O {[%clk 0:53:15]} 14. O-O {[%clk 1:02:35]} 14... a6 { [%clk
0:49:27]} 15. a4 {[%clk 0:55:26]} 15... Nf6 {[%clk 0:45:19]} 16. Rab1 { [%clk
0:52:08]} 16... Rad8 {[%clk 0:36:28]} 17. Qd2 {[%clk 0:39:19]} 17... Qc7 {[%clk
0:31:11]} 18. Rfc1 {[%clk 0:33:58]} 18... Ne5 {[%clk 0:26:04]} 19. Nd4 { [%clk
0:25:48]} 19... Qd7 {[%clk 0:22:45]} 20. a5 {[%clk 0:25:17]} 20... Nc6 { [%clk
0:20:57]} 21. Na4 {[%clk 0:23:14]} 21... Nxd4 {[%clk 0:16:18]} 22. Bxd4 22...
h5 {[%clk 0:15:55]} 23. Nb6 {[%clk 0:21:35]} 23... Qe6 {[%clk 0:14:19]} 24. b4
{[%clk 0:16:39]} 24... Nd7 {[%clk 0:12:40]} 25. Nd5 {[%clk 0:16:28]} 25...
Bxd4+ {[%clk 0:10:55]} 26. Qxd4 {[%clk 0:16:56]} 26... Ne5 { [%clk 0:10:59]}
27. Rc3 {[%clk 0:13:30]} 27... f5 {[%clk 0:07:34]} 28. exf5 { [%clk 0:12:51]}
28... Rxf5 {[%clk 0:07:18]} 29. f4 {[%clk 0:11:20]} 29... Nc6 { [%clk 0:06:22]}
30. Qe3 {[%clk 0:11:20]} 30... Qxe3+ {[%clk 0:05:45]} 31. Rxe3 {[%clk 0:11:42]}
31... Kf7 {[%clk 0:04:44]} 32. Rbe1 {[%clk 0:10:00]} 32... e5 {[%clk 0:04:45]}
33. g3 {[%clk 0:08:55]} 33... Rd7 {[%clk 0:04:13]} 34. h3 { [%clk 0:08:28]}
34... exf4 {[%clk 0:04:25]} 35. gxf4 {[%clk 0:08:51]} 35... g5 {[%clk 0:04:06]}
36. fxg5 {[%clk 0:09:03]} 36... Rxg5+ {[%clk 0:04:31]} 37. Kh2 {[%clk 0:09:05]}
37... Ne5 {[%clk 0:03:57]} 38. Nb6 {[%clk 0:08:11]} 38... Re7 {[%clk 0:02:52]}
39. Nc8 {[%clk 0:08:18]} 39... Re6 {[%clk 0:02:33]} 40. Nxd6+ {[%clk 0:06:50]}
40... Ke7 {[%clk 0:01:32]} 41. Ne4 {[%clk 0:25:10]} 41... Nxc4 {[%clk 0:22:51]}
42. Nxg5 {[%clk 0:09:46]} 42... Rxe3 {[%clk 0:23:07]} 43. Rc1 {[%clk 0:08:37]}
43... Nd6 {[%clk 0:22:43]} 44. Rc7+ {[%clk 0:05:20]} 44... Kf6 {[%clk 0:20:46]}
45. Nh7+ {[%clk 0:04:45]} 45... Kf5 {[%clk 0:19:51]} 46. Rc5+ {[%clk 0:03:47]}
46... Re5 {[%clk 0:15:06]} 47. Rc7 {[%clk 0:02:01]} 47... Rb5 {[%clk 0:11:01]}
48. Rg7 {[%clk 0:01:36]} 48... Rxb4 {[%clk 0:08:27]} 49. Rg5+ {[%clk 0:02:04]}
49... Kf4 {[%clk 0:08:41]} 50. Rxh5 {[%clk 0:02:08]} 50... Rb2+ {[%clk
0:08:36]} 51. Kg1 {[%clk 0:02:37]} 51... Ne4 {[%clk 0:06:44]} 52. Rh6 {[%clk
0:01:54]} 52... Rb5 {[%clk 0:06:25]} 53. Nf8 {[%clk 0:01:02]} 53... Rxa5 {[%clk
0:06:11]} 54. Ne6+ {[%clk 0:01:06]} 54... Ke3 {[%clk 0:05:53]} 55. Nc7 {[%clk
0:01:10]} 55... Kf3 {[%clk 0:05:35]} 56. Rb6 {[%clk 0:01:19]} 56... Ra1+ {[%clk
0:04:53]} 57. Kh2 {[%clk 0:01:49]} 57... Ra2+ {[%clk 0:05:20]} 58. Kg1 {[%clk
0:02:09]} 58... Rg2+ {[%clk 0:05:06]} 59. Kf1 {[%clk 0:02:32]} 59... Rc2 {[%clk
0:05:20]} 60. Rb3+ {[%clk 0:02:19]} 60... Rc3 {[%clk 0:04:51]} 61. Rxc3+ {[%clk
0:02:34]} 61... Nxc3 {[%clk 0:05:19]} 62. Ke1 {[%clk 0:02:54]} 62... Ne4 {[%clk
0:04:16]} 63. Kd1 {[%clk 0:02:48]} 63... Nf2+ {[%clk 0:03:38]} 64. Kc2 {[%clk
0:03:16]} 64... Nxh3 {[%clk 0:03:31]} 65. Kb3 {[%clk 0:03:14]} 65... Nf4 {[%clk
0:02:16]} 66. Kb4 {[%clk 0:03:11]} 66... Ke4 {[%clk 0:02:05]} 67. Nxa6 {[%clk
0:03:22]} 67... bxa6 {[%clk 0:02:29]} 68. Ka5 {[%clk 0:03:48]} 68... Ke5 {[%clk
0:02:21]} 1/2-1/2

[Event "DEM U16 2018"]
[Site "Willingen GER"]
[Date "2018.05.20"]
[Round "2"]
[White "Wensing, Maximilian"]
[Black "Pajeken, Jakob Leon"]
[Result "1/2-1/2"]
[Termination "normal"]
[Board "5"]
[WhiteElo "2088"]
[BlackElo "2278"]
[WhiteClock "00:04:38"]
[BlackClock "00:43:13"]
[PlyCount "80"]
[WhiteFideId "16222415"]
[BlackFideId "12942839"]
[EventCountry "GER"]
[EventRounds "9"]
[EventType "swiss"]
[EventDate "2018.05.19"]

1. e4 {[%clk 1:30:57]} 1... e5 {[%clk 1:30:50]} 2. Nf3 {[%clk 1:31:19]} 2...
Nc6 {[%clk 1:31:14]} 3. Bc4 {[%clk 1:31:43]} 3... Bc5 {[%clk 1:31:40]} 4. O-O {
[%clk 1:32:01]} 4... Nf6 {[%clk 1:32:01]} 5. d3 {[%clk 1:32:21]} 5... a6 {
[%clk 1:32:21]} 6. c3 {[%clk 1:32:44]} 6... d6 {[%clk 1:32:42]} 7. Bb3 { [%clk
1:33:06]} 7... O-O {[%clk 1:33:01]} 8. h3 {[%clk 1:31:59]} 8... Ba7 { [%clk
1:33:01]} 9. Re1 {[%clk 1:27:48]} 9... h6 {[%clk 1:32:42]} 10. Nbd2 { [%clk
1:27:55]} 10... Nh5 {[%clk 1:32:53]} 11. Nf1 {[%clk 1:28:05]} 11... Qf6 { [%clk
1:33:15]} 12. Be3 {[%clk 1:28:12]} 12... Bxe3 {[%clk 1:33:39]} 13. Nxe3 { [%clk
1:27:55]} 13... Nf4 {[%clk 1:33:55]} 14. Nd5 {[%clk 1:26:46]} 14... Nxd5 {[%clk
1:34:20]} 15. exd5 {[%clk 1:21:43]} 15... Ne7 {[%clk 1:34:43]} 16. d4 { [%clk
1:19:03]} 16... Ng6 {[%clk 1:34:16]} 17. Bc2 {[%clk 1:15:16]} 17... Bf5 { [%clk
1:33:54]} 18. dxe5 {[%clk 1:05:50]} 18... dxe5 {[%clk 1:33:05]} 19. Bxf5 {[%clk
1:06:11]} 19... Qxf5 {[%clk 1:33:29]} 20. Qb1 {[%clk 1:05:50]} 20... Qxb1
{[%clk 1:28:55]} 21. Raxb1 {[%clk 1:06:15]} 21... f6 {[%clk 1:28:00]} 22. g3
{[%clk 1:01:14]} 22... Rad8 {[%clk 1:26:23]} 23. c4 {[%clk 0:57:47]} 23... Rd6
{[%clk 1:25:36]} 24. Nd2 {[%clk 0:52:03]} 24... f5 {[%clk 1:23:29]} 25. Rbd1
{[%clk 0:41:33]} 25... Rfd8 {[%clk 1:18:48]} 26. Nf3 {[%clk 0:40:16]} 26... e4
{[%clk 1:18:20]} 27. Nd4 {[%clk 0:40:40]} 27... Rf6 {[%clk 1:17:35]} 28. f4
{[%clk 0:29:20]} 28... Nf8 {[%clk 1:14:56]} 29. Kf2 {[%clk 0:26:32]} 29... g6
{[%clk 1:13:18]} 30. Ke3 {[%clk 0:24:31]} 30... c5 {[%clk 1:07:29]} 31. Nb3
{[%clk 0:16:49]} 31... b6 {[%clk 0:59:09]} 32. a4 {[%clk 0:16:06]} 32... Rfd6
{[%clk 0:58:33]} 33. Re2 {[%clk 0:13:11]} 33... Nd7 {[%clk 0:57:36]} 34. Rc2
{[%clk 0:12:45]} 34... Kf7 {[%clk 0:56:59]} 35. a5 {[%clk 0:12:39]} 35... Rb8
{[%clk 0:56:44]} 36. Nd2 {[%clk 0:09:48]} 36... b5 {[%clk 0:51:41]} 37. Rc3
{[%clk 0:07:44]} 37... b4 {[%clk 0:50:56]} 38. Rc2 {[%clk 0:07:55]} 38... Rd8
{[%clk 0:50:37]} 39. g4 {[%clk 0:07:20]} 39... Nf6 {[%clk 0:49:28]} 40. Rg1
{[%clk 0:04:38]} 40... Rb8 {[%clk 0:43:13]} 1/2-1/2

[Event "DEM U16 2018"]
[Site "Willingen GER"]
[Date "2018.05.20"]
[Round "2"]
[White "Baltic, Fatih"]
[Black "Knüdel, Torben"]
[Result "1-0"]
[Termination "normal"]
[Board "7"]
[WhiteTitle "FM"]
[WhiteElo "2135"]
[BlackElo "2034"]
[WhiteClock "00:07:51"]
[BlackClock "00:45:38"]
[PlyCount "67"]
[WhiteFideId "12979090"]
[BlackFideId "16208820"]
[EventCountry "GER"]
[EventRounds "9"]
[EventType "swiss"]
[EventDate "2018.05.19"]

1. e4 {[%clk 1:30:57]} 1... e5 {[%clk 1:30:51]} 2. Nf3 {[%clk 1:31:07]} 2...
Nc6 {[%clk 1:31:20]} 3. Bc4 {[%clk 1:30:39]} 3... Bc5 {[%clk 1:31:48]} 4. d3 {
[%clk 1:30:54]} 4... Nf6 {[%clk 1:32:14]} 5. O-O {[%clk 1:31:17]} 5... d6 {
[%clk 1:32:17]} 6. c3 {[%clk 1:31:26]} 6... a6 {[%clk 1:30:59]} 7. a4 { [%clk
1:29:13]} 7... Ba7 {[%clk 1:30:48]} 8. Na3 {[%clk 1:29:30]} 8... h6 { [%clk
1:29:59]} 9. Nc2 {[%clk 1:29:52]} 9... O-O {[%clk 1:30:17]} 10. Re1 { [%clk
1:29:23]} 10... Nh5 {[%clk 1:26:21]} 11. Be3 {[%clk 1:25:08]} 11... Qf6 { [%clk
1:23:01]} 12. Bxa7 {[%clk 1:18:47]} 12... Rxa7 {[%clk 1:23:16]} 13. Ne3 { [%clk
1:18:43]} 13... Nf4 {[%clk 1:22:14]} 14. g3 {[%clk 1:11:05]} 14... Nh3+ { [%clk
1:19:54]} 15. Kg2 {[%clk 1:10:04]} 15... Ne7 {[%clk 1:19:40]} 16. Qd2 { [%clk
1:06:28]} 16... c6 {[%clk 1:16:34]} 17. d4 {[%clk 0:55:47]} 17... g5 { [%clk
1:12:22]} 18. dxe5 {[%clk 0:44:16]} 18... dxe5 {[%clk 1:12:39]} 19. Nf5 { [%clk
0:43:50]} 19... Nxf5 {[%clk 1:05:32]} 20. exf5 {[%clk 0:43:59]} 20... Re8
{[%clk 1:05:08]} 21. Qe3 {[%clk 0:36:04]} 21... b6 {[%clk 0:59:47]} 22. Nxe5 {
[%clk 0:28:40]} 22... Rae7 {[%clk 0:56:27]} 23. Ng4 {[%clk 0:28:25]} 23... Qd6
{[%clk 0:55:48]} 24. Red1 {[%clk 0:28:16]} 24... Qxd1 {[%clk 0:53:12]} 25. Rxd1
{[%clk 0:17:08]} 25... Rxe3 {[%clk 0:51:28]} 26. Nxe3 {[%clk 0:17:09]} 26... g4
{[%clk 0:50:27]} 27. Nxg4 {[%clk 0:17:31]} 27... Kg7 {[%clk 0:50:33]} 28. Rd6 {
[%clk 0:13:01]} 28... Bxf5 {[%clk 0:49:24]} 29. Nxh6 {[%clk 0:12:53]} 29... Bc8
{[%clk 0:49:02]} 30. Nxf7 {[%clk 0:11:47]} 30... b5 {[%clk 0:48:57]} 31. axb5 {
[%clk 0:11:06]} 31... axb5 {[%clk 0:47:13]} 32. Rxc6 {[%clk 0:07:33]} 32...
bxc4 {[%clk 0:45:24]} 33. Nd6 {[%clk 0:07:40]} 33... Bd7 {[%clk 0:45:38]} 34.
Nxe8+ {[%clk 0:07:51]} 1-0

[Event "DEM U16 2018"]
[Site "Willingen GER"]
[Date "2018.05.20"]
[Round "2"]
[White "Roseneck, Jonas"]
[Black "Woithe, Daniel"]
[Result "1-0"]
[Termination "normal"]
[Board "8"]
[WhiteElo "2183"]
[BlackElo "1894"]
[WhiteClock "00:31:33"]
[BlackClock "00:12:39"]
[PlyCount "43"]
[WhiteFideId "12939870"]
[BlackFideId "16244648"]
[EventCountry "GER"]
[EventRounds "9"]
[EventType "swiss"]
[EventDate "2018.05.19"]

1. e4 {[%clk 1:30:56]} 1... e6 {[%clk 1:30:54]} 2. d4 {[%clk 1:31:22]} 2... d5
{[%clk 1:31:20]} 3. Nc3 {[%clk 1:31:47]} 3... Bb4 {[%clk 1:31:46]} 4. e5 {
[%clk 1:32:12]} 4... Ne7 {[%clk 1:32:11]} 5. a3 {[%clk 1:32:37]} 5... Bxc3+ {
[%clk 1:32:37]} 6. bxc3 {[%clk 1:33:01]} 6... c5 {[%clk 1:33:04]} 7. Qg4 {
[%clk 1:32:56]} 7... O-O {[%clk 1:33:20]} 8. Bd3 {[%clk 1:33:19]} 8... Nbc6 {
[%clk 1:33:31]} 9. Nf3 {[%clk 1:31:00]} 9... f5 {[%clk 1:32:55]} 10. exf6 {
[%clk 1:28:42]} 10... Rxf6 {[%clk 1:32:27]} 11. Ne5 {[%clk 1:18:13]} 11... Qc7
{[%clk 0:54:34]} 12. Qh5 {[%clk 1:06:51]} 12... cxd4 {[%clk 0:34:55]} 13. Qxh7+
{[%clk 0:53:08]} 13... Kf8 {[%clk 0:35:19]} 14. Ng4 {[%clk 0:52:59]} 14... Ne5
{[%clk 0:29:34]} 15. Qh8+ {[%clk 0:42:08]} 15... Ng8 {[%clk 0:29:49]} 16. Nxf6
{[%clk 0:42:20]} 16... Nxd3+ {[%clk 0:29:50]} 17. Kf1 {[%clk 0:42:28]} 17...
Qxc3 {[%clk 0:13:22]} 18. Qxg8+ {[%clk 0:42:41]} 18... Ke7 {[%clk 0:13:43]} 19.
Qxg7+ {[%clk 0:42:57]} 19... Kd8 {[%clk 0:13:40]} 20. Qf8+ {[%clk 0:30:53]}
20... Kc7 {[%clk 0:13:59]} 21. Ne8+ {[%clk 0:31:13]} 21... Kd8 {[%clk 0:12:39]}
22. Bg5+ {[%clk 0:31:33]} 1-0

[Event "DEM U16 2018"]
[Site "Willingen GER"]
[Date "2018.05.20"]
[Round "2"]
[White "Mütsch, Annmarie"]
[Black "Yankelevich, Michael"]
[Result "1/2-1/2"]
[Termination "normal"]
[Board "9"]
[WhiteElo "2145"]
[BlackElo "1986"]
[WhiteClock "00:28:30"]
[BlackClock "01:25:38"]
[PlyCount "93"]
[WhiteFideId "12971367"]
[BlackFideId "12921440"]
[EventCountry "GER"]
[EventRounds "9"]
[EventType "swiss"]
[EventDate "2018.05.19"]

1. e4 {[%clk 1:30:57]} 1... c5 {[%clk 1:30:47]} 2. Nf3 {[%clk 1:31:21]} 2... e6
{[%clk 1:31:08]} 3. d4 {[%clk 1:31:47]} 3... cxd4 {[%clk 1:31:35]} 4. Nxd4 {
[%clk 1:32:12]} 4... Nc6 {[%clk 1:31:59]} 5. Nc3 {[%clk 1:32:34]} 5... a6 {
[%clk 1:32:22]} 6. Be2 {[%clk 1:30:25]} 6... Qc7 {[%clk 1:31:14]} 7. Be3 {
[%clk 1:29:15]} 7... Nf6 {[%clk 1:30:04]} 8. a3 {[%clk 1:27:27]} 8... Be7 {
[%clk 1:26:46]} 9. O-O {[%clk 1:23:07]} 9... b5 {[%clk 1:24:56]} 10. f4 { [%clk
1:13:12]} 10... Nxd4 {[%clk 1:19:48]} 11. Bxd4 {[%clk 1:08:40]} 11... Bb7
{[%clk 1:17:51]} 12. Bf3 {[%clk 1:02:04]} 12... d6 {[%clk 1:12:38]} 13. Kh1 {
[%clk 0:47:59]} 13... O-O {[%clk 1:11:22]} 14. e5 {[%clk 0:38:38]} 14... Bxf3 {
[%clk 1:09:05]} 15. Qxf3 {[%clk 0:35:33]} 15... dxe5 {[%clk 1:08:31]} 16. Bxe5
{[%clk 0:35:46]} 16... Qc5 {[%clk 1:07:31]} 17. Rad1 {[%clk 0:28:07]} 17...
Rad8 {[%clk 1:03:32]} 18. h3 {[%clk 0:25:31]} 18... Qb6 {[%clk 1:01:23]} 19. f5
{[%clk 0:21:56]} 19... exf5 {[%clk 1:00:13]} 20. Qxf5 {[%clk 0:22:16]} 20...
Rxd1 {[%clk 0:59:03]} 21. Rxd1 {[%clk 0:22:32]} 21... Rd8 {[%clk 0:58:45]} 22.
Rf1 {[%clk 0:19:17]} 22... Qe6 {[%clk 0:56:49]} 23. Qxe6 {[%clk 0:18:59]} 23...
fxe6 {[%clk 0:57:17]} 24. Rf2 {[%clk 0:17:34]} 24... Rd7 {[%clk 0:56:50]} 25.
g4 {[%clk 0:15:31]} 25... h6 {[%clk 0:56:36]} 26. Kg2 {[%clk 0:15:23]} 26...
Nd5 {[%clk 0:56:59]} 27. Re2 {[%clk 0:12:55]} 27... Kf7 {[%clk 0:56:49]} 28.
Kf3 {[%clk 0:09:51]} 28... Bf6 {[%clk 0:56:09]} 29. Bxf6 {[%clk 0:09:06]} 29...
gxf6 {[%clk 0:56:33]} 30. Rd2 {[%clk 0:08:26]} 30... Nb6 {[%clk 0:56:12]} 31.
Rxd7+ {[%clk 0:07:05]} 31... Nxd7 {[%clk 0:56:39]} 32. Ke4 {[%clk 0:06:21]}
32... Nb6 {[%clk 0:55:03]} 33. b3 {[%clk 0:05:53]} 33... Kg6 {[%clk 0:53:09]}
34. Kd4 {[%clk 0:02:39]} 34... Nd7 {[%clk 0:53:01]} 35. Ne4 {[%clk 0:01:40]}
35... h5 {[%clk 0:53:24]} 36. c4 {[%clk 0:01:21]} 36... bxc4 {[%clk 0:53:31]}
37. bxc4 {[%clk 0:01:46]} 37... hxg4 {[%clk 0:53:51]} 38. hxg4 {[%clk 0:02:13]}
38... Ne5 {[%clk 0:53:03]} 39. c5 {[%clk 0:01:21]} 39... Nc6+ {[%clk 0:53:32]}
40. Ke3 {[%clk 0:00:41]} 40... f5 {[%clk 0:53:48]} 41. gxf5+ {[%clk 0:00:52]}
41... Kxf5 {[%clk 0:54:09]} 42. Nc3 {[%clk 0:30:03]} 42... Ke5 {[%clk 1:24:03]}
43. Kd3 {[%clk 0:28:59]} 43... Na5 {[%clk 1:24:21]} 44. a4 {[%clk 0:27:34]}
44... Nc6 {[%clk 1:24:40]} 45. Kc4 {[%clk 0:27:50]} 45... Na5+ {[%clk 1:25:10]}
46. Kb4 {[%clk 0:28:07]} 46... Nc6+ {[%clk 1:25:38]} 47. Kc4 {[%clk 0:28:30]}
1/2-1/2